01170nam a2200217 450000500170000000800410001704000440005804100080010208200120011010000300012224200490015224500430020126001030024430000360034750004390038350500230082250600210084554600230086665000380088965000250092720240126105451.0240119s1921 fr |||||r|||| 00| f fre d aCO-BoUCMbspacSandra YazodSandra Yazo0 afre04220a8431 aBenoit, Pierred1886-196204aEl lago salado.bNovela.cPedro Benoit.yspa13aLe lac salé.bRoman.cPierre Benoit. aParís (Francia)bAlbin Michel ; Imp. Henry Maillet [Albin Michel ; Imprenta Henry Maillet]c1921 a317, [1] páginasc18 x 11 cm. aDetalles físicos: Sin encuadernación original, actualmente encuadernación rígida (holandesa) en cartón forrado en papel jaspeado. Lomo de tela, con letras y líneas en dorado. Guardas. Anteportada. Portada impresa en una sola tinta, con marca tipográfica, un anagrama del editor A M (de Albin Michel). Texto impreso en una sola columna, con diferentes tipos y tamaños de letra. Índice. Papel manchado por oxidación.2 aCapítulos I a X aConsulta en sala aTexto en francés 7aNovela francesa xSiglos XIX - XX 7aLiteratura francesa